Postavenie samostatne zárobkovo činnej osoby v sociálnom poistení a zdravotnom poistení a odvody do fondov od 1. 1. 2006 s príkladmi
Vymedzenie pojmu samostatne zárobkovo činná osoba na účely nemocenského poistenia, dôchodkového poistenia i poistenia v nezamestnanosti. Sociálne poistenie, zdravotné poistenie. Tabuľky odvodov do fondov v prípade SZČO.
Saved in:
| Main Author: | |
|---|---|
| Format: | Book Chapter |
| Language: | Slovak |
| Subjects: | |
| Tags: |
No Tags, Be the first to tag this record!
|
MARC
| LEADER | 00000naa$a2200000$$$4500 | ||
|---|---|---|---|
| 001 | 0038819 | ||
| 005 | 20231106072038.0 | ||
| 041 | 0 | |a slo | |
| 044 | |a SK | ||
| 245 | 1 | 0 | |a Postavenie samostatne zárobkovo činnej osoby v sociálnom poistení a zdravotnom poistení a odvody do fondov od 1. 1. 2006 s príkladmi |c Zuzana Macková |
| 520 | |a Vymedzenie pojmu samostatne zárobkovo činná osoba na účely nemocenského poistenia, dôchodkového poistenia i poistenia v nezamestnanosti. Sociálne poistenie, zdravotné poistenie. Tabuľky odvodov do fondov v prípade SZČO. | ||
| 610 | 2 | 0 | |a zabezpečenie sociálne |
| 610 | 2 | 0 | |a poistenie sociálne |
| 610 | 2 | 0 | |a odvody |
| 610 | 2 | 0 | |a právo pracovné |
| 610 | 2 | 0 | |a 2006 |
| 100 | 1 | |a Macková, Zuzana | |